[Event "WYCC U18 Girls 2019"]
[Site "Mumbai"]
[Date "2019.10.12"]
[Round "11.1"]
[White "Serikbay, Assel"]
[Black "Shuvalova, Polina"]
[Result "1/2-1/2"]
[WhiteElo "2208"]
[BlackElo "2412"]
[Annotator "ChessBase"]
[PlyCount "105"]
[EventDate "2019.10.02"]
[EventType "swiss"]
[EventCountry "IND"]
[SourceTitle "playchess.com"]
[Source "ChessBase"]
[SourceQuality "1"]
[TimeControl "40/5400+30:1800+30"]

1. d4 {[%emt 0:00:00]} Nf6 {[%emt 0:00:00]} 2. c4 {[%emt 0:00:00]} e6 {[%emt 0:00:00]} 3. g3 {[%emt 0:00:00]} d5 {[%emt 0:00:00]} 4. Nf3 {[%emt 0:00:00]} Bb4+ {[%emt 0:00:00]} 5. Bd2 {[%emt 0:00:00]} Be7 {[%emt 0:00:04]} 6. Bg2 {[%emt 0:00:14]} c6 {[%emt 0:00:04]} 7. O-O {[%emt 0:00:11]} Nbd7 {[%emt 0:00:05]} 8. Qc2 {[%emt 0:00:21]} b6 {[%emt 0:00:09]} 9. Bf4 {[%emt 0:04:18]} Bb7 {[%emt 0:00:05]} 10. Rd1 {[%emt 0:01:19]} Rc8 {[%emt 0:00:09]} 11. Ne5 {[%emt 0:03:08]} Nxe5 {[%emt 0:00:09]} 12. Bxe5 {[%emt 0:06:10]} O-O {[%emt 0:00:33]} 13. b3 {[%emt 0:21:00]} c5 {[%emt 0:06:18]} 14. dxc5 {[%emt 0:01:02]} Bxc5 {[%emt 0:01:18]} 15. e3 {[%emt 0:03:25]} Ng4 {[%emt 0:11:10]} 16. Bb2 {[%emt 0:12:14]} Qe7 {[%emt 0:04:07]} 17. Qe2 {[%emt 0:01:21]} Nf6 {[%emt 0:01:30]} 18. cxd5 {[%emt 0:04:54]} Bxd5 {[%emt 0:02:42]} 19. e4 {[%emt 0:00:45]} Bc6 {[%emt 0:07:15]} 20. Nc3 {[%emt 0:08:53]} Qb7 {[%emt 0:03:15]} 21. a3 {[%emt 0:05:32]} a5 {[%emt 0:01:09]} 22. g4 {[%emt 0:09:01]} Rfd8 {[%emt 0:06:17]} 23. g5 {[%emt 0:03:59]} Nd7 {[%emt 0:00:22]} 24. Nd5 {[%emt 0:06:14]} Qb8 {[%emt 0:03:42]} 25. Ne3 {[%emt 0:04:43]} Qf4 {[%emt 0:01:28]} 26. Nc4 {[%emt 0:02:07]} Qxg5 {[%emt 0:01:40]} 27. Rd3 {[%emt 0:00:10]} Qe7 {[%emt 0:06:55]} 28. Rg3 {[%emt 0:00:06]} f6 {[%emt 0:06:41]} 29. h4 {[%emt 0:00:23]} e5 {[%emt 0:03:26]} 30. h5 {[%emt 0:00:16]} Nf8 {[%emt 0:00:26]} 31. b4 {[%emt 0:02:19]} axb4 {[%emt 0:06:18]} 32. axb4 {[%emt 0:00:13]} Bd4 {[%emt 0:04:53]} 33. Bxd4 {[%emt 0:00:11]} Rxd4 {[%emt 0:01:22]} 34. Nxb6 {[%emt 0:00:06]} Rb8 {[%emt 0:00:16]} 35. Nd5 {[%emt 0:01:17]} Bxd5 {[%emt 0:03:46]} 36. exd5 {[%emt 0:00:01]} Rbxb4 {[%emt 0:00:36]} 37. Qa2 {[%emt 0:01:57]} Qf7 {[%emt 0:05:31]} 38. Qa8 {[%emt 0:00:07]} Qxh5 {[%emt 0:01:55]} 39. Bf3 {[%emt 0:00:18]} Qf5 {[%emt 0:04:47]} 40. Ra7 {[%emt 0:00:33]} g5 {[%emt 0:01:54]} 41. Bh5 {[%emt 0:11:15]} Qb1+ {[%emt 0:07:44]} 42. Kg2 {[%emt 0:00:08]} Rb8 {[%emt 0:00:14]} 43. Qc6 {[%emt 0:00:36]} Qb6 {[%emt 0:02:00]} 44. Rga3 {[%emt 0:01:35]} Rd2 {[%emt 0:10:38]} 45. Qxb6 {[%emt 0:00:29]} Rxb6 {[%emt 0:00:01]} 46. Rf7 {[%emt 0:03:20]} Rb8 {[%emt 0:05:32]} 47. Rxf6 {[%emt 0:01:34]} Rxd5 {[%emt 0:01:13]} 48. Rf5 {[%emt 0:00:53]} Rd7 {[%emt 0:03:03]} 49. Rxg5+ {[%emt 0:00:54]} Rg7 {[%emt 0:00:27]} 50. Bf7+ {[%emt 0:03:24]} Kh8 {[%emt 0:00:03]} 51. Rag3 {[%emt 0:00:11]} Rxg5 {[%emt 0:01:38]} 52. Rxg5 {[%emt 0:00:05]} Ng6 {[%emt 0:00:21]} 53. Bxg6 {[%emt 0:00:06]} 1/2-1/2

[Event "WYCC U18 Girls 2019"]
[Site "Mumbai"]
[Date "2019.10.12"]
[Round "11.2"]
[White "Obolentseva, Alexandra"]
[Black "Vantika Agrawal"]
[Result "1/2-1/2"]
[WhiteElo "2282"]
[BlackElo "2283"]
[Annotator "ChessBase"]
[PlyCount "65"]
[EventDate "2019.10.02"]
[EventType "swiss"]
[EventCountry "IND"]
[SourceTitle "playchess.com"]
[Source "ChessBase"]
[SourceQuality "1"]
[TimeControl "40/5400+30:1800+30"]

1. d4 {[%emt 0:00:00]} d6 {[%emt 0:00:00]} 2. Nf3 {[%emt 0:00:00]} Nf6 {[%emt 0:00:00]} 3. c4 {[%emt 0:00:00]} g6 {[%emt 0:00:14]} 4. Nc3 {[%emt 0:00:04]} Bf5 {[%emt 0:00:10]} 5. Ng5 {[%emt 0:00:25]} Bd7 {[%emt 0:01:49]} 6. e4 {[%emt 0:00:19]} e5 {[%emt 0:02:10]} 7. d5 {[%emt 0:07:48]} Bg7 {[%emt 0:00:50]} 8. Be2 {[%emt 0:02:33]} a5 {[%emt 0:01:12]} 9. O-O {[%emt 0:05:40]} h6 {[%emt 0:02:19]} 10. Nf3 {[%emt 0:00:07]} O-O {[%emt 0:00:40]} 11. c5 {[%emt 0:03:02]} Na6 {[%emt 0:04:17]} 12. cxd6 {[%emt 0:00:30]} cxd6 {[%emt 0:00:05]} 13. Nd2 {[%emt 0:03:59]} a4 {[%emt 0:30:02]} 14. Nxa4 {[%emt 0:08:40]} b5 {[%emt 0:01:22]} 15. Nc3 {[%emt 0:01:38]} b4 {[%emt 0:02:15]} 16. Nb5 {[%emt 0:01:39]} Nc5 17. Nxd6 {[%emt 0:01:31]} Ba4 {[%emt 0:08:28]} 18. b3 {[%emt 0:00:07]} Qxd6 {[%emt 0:00:30]} 19. bxa4 {[%emt 0:00:14]} Nfxe4 {[%emt 0:00:51]} 20. Nxe4 {[%emt 0:01:40]} Nxe4 {[%emt 0:00:06]} 21. Bb2 {[%emt 0:01:22]} Nc3 {[%emt 0:05:25]} 22. Bxc3 {[%emt 0:00:20]} bxc3 {[%emt 0:00:05]} 23. Bb5 {[%emt 0:00:18]} e4 {[%emt 0:02:23]} 24. Bc6 {[%emt 0:00:52]} Ra7 {[%emt 0:07:33]} 25. Rb1 {[%emt 0:03:23]} Be5 {[%emt 0:01:06]} 26. Kh1 {[%emt 0:01:11]} Qe7 {[%emt 0:08:21]} 27. Qg4 {[%emt 0:02:29]} Bb8 {[%emt 0:03:35]} 28. Rfe1 {[%emt 0:06:37]} Qd6 {[%emt 0:02:14]} 29. Qg3 {[%emt 0:04:10]} Qxg3 {[%emt 0:05:38]} 30. hxg3 {[%emt 0:00:16]} f5 {[%emt 0:00:22]} 31. Rbc1 {[%emt 0:10:43]} Be5 {[%emt 0:00:24]} 32. Red1 {[%emt 0:00:29]} Rd8 {[%emt 0:01:52]} 33. Rc2 {[%emt 0:00:54]} 1/2-1/2

[Event "WYCC U18 Girls 2019"]
[Site "Mumbai"]
[Date "2019.10.12"]
[Round "11.3"]
[White "Urh, Zala"]
[Black "Kucharska, Honorata"]
[Result "1/2-1/2"]
[WhiteElo "2105"]
[BlackElo "2114"]
[Annotator "ChessBase"]
[PlyCount "159"]
[EventDate "2019.10.02"]
[EventType "swiss"]
[EventCountry "IND"]
[SourceTitle "playchess.com"]
[Source "ChessBase"]
[SourceQuality "1"]
[TimeControl "40/5400+30:1800+30"]

1. d4 {[%emt 0:00:00]} Nf6 {[%emt 0:00:00]} 2. c4 {[%emt 0:00:00]} d6 {[%emt 0:00:00]} 3. Nf3 {[%emt 0:00:00]} Nbd7 {[%emt 0:00:25]} 4. Nc3 {[%emt 0:00:07]} e5 {[%emt 0:00:20]} 5. e4 {[%emt 0:00:13]} g6 {[%emt 0:00:16]} 6. Be2 {[%emt 0:00:54]} Bg7 {[%emt 0:00:42]} 7. Be3 {[%emt 0:00:54]} O-O {[%emt 0:01:14]} 8. O-O {[%emt 0:00:16]} Re8 {[%emt 0:03:33]} 9. d5 {[%emt 0:00:43]} Nc5 {[%emt 0:04:01]} 10. Nd2 {[%emt 0:01:49]} a5 {[%emt 0:00:25]} 11. b3 {[%emt 0:01:16]} Nfd7 {[%emt 0:02:04]} 12. Qc2 {[%emt 0:04:22]} Rf8 {[%emt 0:01:40]} 13. f3 {[%emt 0:03:34]} f5 {[%emt 0:00:25]} 14. exf5 {[%emt 0:03:11]} gxf5 {[%emt 0:02:14]} 15. a3 {[%emt 0:02:33]} Nf6 {[%emt 0:04:44]} 16. b4 {[%emt 0:03:08]} Na6 {[%emt 0:00:51]} 17. Rab1 {[%emt 0:02:57]} Nh5 {[%emt 0:03:41]} 18. c5 {[%emt 0:05:26]} axb4 {[%emt 0:09:21]} 19. axb4 {[%emt 0:00:26]} Nf4 {[%emt 0:00:34]} 20. c6 {[%emt 0:25:44]} Qg5 {[%emt 0:03:46]} 21. Bxf4 {[%emt 0:01:04]} Qxf4 {[%emt 0:01:18]} 22. Na2 {[%emt 0:09:54]} bxc6 {[%emt 0:08:59]} 23. dxc6 {[%emt 0:01:01]} Be6 {[%emt 0:00:42]} 24. Kh1 {[%emt 0:03:50]} Kh8 {[%emt 0:01:49]} 25. b5 {[%emt 0:02:56]} Nc5 {[%emt 0:03:10]} 26. Nb4 {[%emt 0:01:43]} Rf6 {[%emt 0:06:01]} 27. g3 {[%emt 0:01:56]} Qg5 {[%emt 0:00:39]} 28. Bc4 {[%emt 0:09:48]} Rh6 {[%emt 0:03:15]} 29. Kg2 {[%emt 0:00:32]} Rg8 {[%emt 0:03:57]} 30. b6 {[%emt 0:03:11]} Bf6 {[%emt 0:04:25]} 31. Rg1 {[%emt 0:00:24]} Qh5 {[%emt 0:06:50]} 32. Nf1 {[%emt 0:00:28]} e4 {[%emt 0:00:34]} 33. fxe4 {[%emt 0:05:01]} fxe4 {[%emt 0:04:17]} 34. Be2 {[%emt 0:00:27]} Qf5 {[%emt 0:01:26]} 35. Kh1 {[%emt 0:04:24]} cxb6 {[%emt 0:00:46]} 36. Rg2 {[%emt 0:02:18]} d5 {[%emt 0:03:19]} 37. Ne3 {[%emt 0:00:52]} Qg5 {[%emt 0:00:26]} 38. Nexd5 {[%emt 0:00:39]} Bh3 {[%emt 0:02:42]} 39. Rgg1 {[%emt 0:00:48]} Bd4 {[%emt 0:01:47]} 40. c7 {[%emt 0:00:26]} Be6 {[%emt 0:02:03]} 41. Rg2 {[%emt 0:03:49]} Qe5 {[%emt 0:12:23]} 42. Nf4 {[%emt 0:13:43]} Bf5 {[%emt 0:07:37]} 43. Rd1 {[%emt 0:02:19]} Bc8 {[%emt 0:07:13]} 44. Qc4 {[%emt 0:04:33]} Rd6 {[%emt 0:00:58]} 45. Nbd5 {[%emt 0:00:45]} Bb2 {[%emt 0:05:54]} 46. Qb4 {[%emt 0:01:48]} Bb7 {[%emt 0:01:52]} 47. Bc4 {[%emt 0:01:55]} Bd4 {[%emt 0:01:07]} 48. Rgd2 {[%emt 0:01:31]} Nd3 {[%emt 0:00:51]} 49. Rxd3 {[%emt 0:02:11]} exd3 {[%emt 0:00:05]} 50. Re1 {[%emt 0:00:03]} Bc3 {[%emt 0:02:08]} 51. Rxe5 {[%emt 0:01:37]} Bxb4 {[%emt 0:00:02]} 52. Bxd3 {[%emt 0:00:11]} Bd2 {[%emt 0:01:17]} 53. Rh5 {[%emt 0:00:30]} h6 {[%emt 0:00:16]} 54. Kg1 {[%emt 0:00:37]} Bxf4 {[%emt 0:02:48]} 55. Nxf4 {[%emt 0:00:05]} Rg5 {[%emt 0:01:37]} 56. Be4 {[%emt 0:01:55]} Bc8 {[%emt 0:00:06]} 57. Rxg5 {[%emt 0:00:28]} hxg5 {[%emt 0:00:04]} 58. Ng6+ {[%emt 0:00:19]} Kg7 {[%emt 0:00:53]} 59. Ne7 {[%emt 0:00:01]} Rd1+ {[%emt 0:00:41]} 60. Kf2 {[%emt 0:00:18]} Ba6 {[%emt 0:00:11]} 61. c8=Q {[%emt 0:00:46]} Bxc8 {[%emt 0:00:04]} 62. Nxc8 {[%emt 0:00:01]} b5 {[%emt 0:00:11]} 63. Ke2 {[%emt 0:00:58]} Ra1 {[%emt 0:00:12]} 64. Nd6 {[%emt 0:00:51]} b4 {[%emt 0:00:09]} 65. Bd5 {[%emt 0:00:55]} Rb1 {[%emt 0:01:07]} 66. Nc4 {[%emt 0:00:43]} Kf6 {[%emt 0:00:25]} 67. Nd2 {[%emt 0:00:17]} Ra1 {[%emt 0:00:07]} 68. Kd3 {[%emt 0:00:37]} Ke5 {[%emt 0:00:50]} 69. Bb3 {[%emt 0:00:32]} Rc1 {[%emt 0:01:39]} 70. Bc2 {[%emt 0:00:47]} g4 {[%emt 0:00:33]} 71. Nc4+ {[%emt 0:00:19]} Kf6 {[%emt 0:00:12]} 72. Ne3 {[%emt 0:00:27]} Kg5 {[%emt 0:00:15]} 73. Kc4 {[%emt 0:00:45]} Rh1 {[%emt 0:00:28]} 74. Kxb4 {[%emt 0:00:22]} Rxh2 {[%emt 0:00:04]} 75. Kc3 {[%emt 0:00:26]} Rf2 {[%emt 0:01:41]} 76. Bd1 {[%emt 0:00:13]} Rf8 {[%emt 0:00:27]} 77. Bxg4 {[%emt 0:00:36]} Re8 {[%emt 0:00:14]} 78. Kd2 {[%emt 0:00:23]} Rxe3 {[%emt 0:00:03]} 79. Kxe3 {[%emt 0:00:04]} Kxg4 {[%emt 0:00:02]} 80. Ke4 {[%emt 0:00:44]} 1/2-1/2

[Event "WYCC U18 Girls 2019"]
[Site "Mumbai"]
[Date "2019.10.12"]
[Round "11.4"]
[White "Munkhzul, Turmunkh"]
[Black "Nomindalai Tumurbaatar"]
[Result "1-0"]
[WhiteElo "2332"]
[BlackElo "2061"]
[Annotator "TA"]
[PlyCount "111"]
[EventDate "2019.10.02"]
[EventType "swiss"]
[EventCountry "IND"]
[SourceTitle "playchess.com"]
[Source "ChessBase"]
[SourceQuality "1"]

{[%evp 12,111,38,35,41,36,37,31,50,49,53,44,50,46,41,41,45,45,54,43,82,51,80,65,90,62,87,66,55,51,63,11,4,0,0,-11,0,0,0,0,-2,-27,0,0,0,0,0,-346,-124,-272,-45,-38,-41,-52,-35,-25,-33,-43,-25,-25,-25,-26,-26,-38,-15,-18,-17,-20,-20,-83,0,0,0,0,0,0,0,0,0,0,0,0,0,0,0,0,0,0,0,0,0,0,0,0,0,0,0,0,0,0,0,0]} 1. e4 d6 2. d4 Nf6 3. Nc3 e5 4. dxe5 dxe5 5. Qxd8+ Kxd8 6. Bc4 Bb4 7. Bd2 Be6 $146 {B07: Pirc Defence: Miscellaneous Systems} (7... Ke7 8. a3 Bd6 9. Bg5 Be6 10. Nd5+ Bxd5 11. Bxd5 c6 12. Ba2 h6 13. Bxf6+ Kxf6 14. h4 Na6 15. Rh3 {1-0 (57) L'Ami,E (2628)-Reinderman,D (2584) Dieren 2015}) 8. Bxe6 fxe6 9. O-O-O Nbd7 {White is slightly better.} 10. f3 a6 11. Nge2 Bd6 12. h4 Ke7 13. Kb1 b5 14. Nc1 Rhb8 15. h5 Nb6 16. Bg5 Kf7 17. Nd3 Nfd7 18. Rhf1 Kg8 19. Ne2 Nc4 20. Bc1 a5 21. f4 (21. Ng1 $14) 21... exf4 $11 22. Ndxf4 Nc5 23. b3 Ne5 24. Nd4 Nxe4 25. Rde1 $1 {[%cal Re1e4]} Nc3+ 26. Ka1 (26. Kb2 $5 {[%cal Rb2c3]} b4 27. Nfxe6 $15) 26... a4 {[#] aiming for ...axb3.} 27. b4 $1 Nc4 {White must now prevent ...e5.} 28. Nfxe6 Re8 {Threatens to win with ...Bg3.} ({Reject} 28... Bxb4 $6 29. Nxc7 Ra7 30. Nc6 $16) 29. Nc6 $2 {[%mdl 8192]} (29. Nf5 $1 $11) 29... Nd5 $2 (29... Bg3 $19 30. Bg5 Bxe1 31. Rxe1 Nd5 32. Ne7+ Rxe7 33. Bxe7 Nxe7 34. Nxc7 Rd8) 30. a3 {[#]} (30. Ned4 $17 {is a better defense.}) 30... Nde3 $2 ({Black should play} 30... Bg3 $1 $19 {[%cal Rg3e1]} 31. Re4 Nc3 32. Rxc4 bxc4) 31. Bxe3 $15 Rxe6 32. Bc1 Rae8 33. Rxe6 Rxe6 34. Kb1 Be5 35. Nxe5 Rxe5 $11 {[%mdl 4096] Endgame KRB-KRN} 36. g4 h6 37. Rd1 Kf8 38. Bb2 Re4 39. Rd8+ Ke7 40. Rc8 (40. Rb8 $11 {remains equal.}) 40... Kd7 (40... Nxb2 $17 41. Kxb2 Kd6 42. Rd8+ Kc6) 41. Rg8 {The position is equal.} Rxg4 {...Rh4 is the strong threat.} 42. Rxg7+ Rxg7 43. Bxg7 {KB-KN} Nd2+ 44. Kc1 Ne4 45. Bxh6 {And now Bg7 would win.} Nf6 46. Bg7 Nxh5 47. Be5 c6 48. Kd2 Ke6 49. Bb2 Kd5 50. Kd3 Nf4+ 51. Ke3 Nh3 52. Bf6 Ng1 53. Kf2 Nh3+ 54. Kg3 Ng1 {Hoping for ...Ne2+.} 55. Kf2 Nh3+ 56. Kg3 {[%mdl 32768] Accuracy: White = 60%, Black = 46%. . Sensor Board Error (Ke4/e5)?} 1-0

[Event "WYCC U18 Girls 2019"]
[Site "Mumbai"]
[Date "2019.10.12"]
[Round "11.5"]
[White "Yan, Tianqi"]
[Black "Schulze, Lara"]
[Result "0-1"]
[WhiteElo "2236"]
[BlackElo "2327"]
[Annotator "RC"]
[PlyCount "70"]
[EventDate "2019.10.02"]
[EventType "swiss"]
[EventCountry "IND"]
[SourceTitle "playchess.com"]
[Source "ChessBase"]
[SourceQuality "1"]
[TimeControl "40/5400+30:1800+30"]

1. e4 {[%emt 0:00:00]} c5 {[%emt 0:00:00]} 2. Nf3 {[%emt 0:00:00]} d6 {[%emt 0:00:00]} 3. d4 {[%emt 0:00:00]} Nf6 {[%emt 0:00:00]} 4. Nc3 {[%emt 0:00:00]} cxd4 {[%emt 0:00:00]} 5. Nxd4 {[%emt 0:00:00]} Nc6 {[%emt 0:00:00]} 6. Bg5 {[%emt 0:00:08]} e6 {[%emt 0:00:00]} 7. Qd2 {[%emt 0:00:08]} a6 {[%emt 0:00:00]} 8. O-O-O {[%emt 0:00:11]} Bd7 {[%emt 0:00:05]} 9. f4 {[%emt 0:00:10]} Be7 {[%emt 0:00:10]} 10. Be2 {[%emt 0:08:11]} h6 {[%emt 0:02:19]} 11. Bh4 {[%emt 0:03:50]} b5 {[%emt 0:03:54]} 12. Bxb5 {[%emt 0:14:09]} axb5 {[%emt 0:00:44]} 13. Ndxb5 {[%emt 0:00:04]} Nb4 {[%emt 0:18:18]} 14. Bxf6 {[%emt 0:11:47]} gxf6 {[%emt 0:04:27]} 15. Nxd6+ {[%emt 0:02:50]} Bxd6 {[%emt 0:03:16]} 16. Qxd6 {[%emt 0:00:16]} Nxa2+ {[%emt 0:00:14]} 17. Nxa2 {[%emt 0:00:06]} Rxa2 {[%emt 0:00:09]} 18. Kb1 {[%emt 0:00:11]} Ra7 {[%emt 0:04:54]} 19. b3 {[%emt 0:03:26]} Qc7 {[%emt 0:06:24]} 20. Qd4 {[%emt 0:01:18]} O-O {[%emt 0:10:44]} 21. Qxf6 {[%emt 0:02:39]} Rc8 {[%emt 0:04:11]} 22. Qb2 {[%emt 0:03:01]} Qxf4 {[%emt 0:09:18]} 23. Rhf1 {[%emt 0:05:03]} Qxe4 {[%emt 0:03:26]} 24. Rfe1 {[%emt 0:11:15]} Qc6 {[%emt 0:02:51]} 25. Re3 {[%emt 0:03:59]} Ra5 {[%emt 0:01:33]} 26. Rh3 {[%emt 0:03:07]} e5 {[%emt 0:03:26]} 27. Rg3+ {[%emt 0:00:42]} Kh7 {[%emt 0:00:50]} 28. Rf1 {[%emt 0:00:40]} Be6 {[%emt 0:06:50]} 29. Rf6 {[%emt 0:00:27]} Rca8 {[%emt 0:00:18]} 30. Rh3 {[%emt 0:04:07]} Ra1+ {[%emt 0:01:14]} 31. Qxa1 {[%emt 0:00:02]} Rxa1+ {[%emt 0:00:07]} 32. Kxa1 {[%emt 0:00:04]} Qa8+ {[%emt 0:00:10]} 33. Kb2 {[%emt 0:00:07]} Bxh3 {[%emt 0:00:05]} 34. gxh3 {[%emt 0:00:16]} Qd5 {[%emt 0:01:28]} 35. b4 {[%emt 0:00:18]} e4 {[%emt 0:00:16]} 0-1

[Event "WYCC U18 Girls 2019"]
[Site "Mumbai"]
[Date "2019.10.12"]
[Round "11.6"]
[White "Afonasieva, Anna"]
[Black "Radeva, Viktoria"]
[Result "1/2-1/2"]
[WhiteElo "2312"]
[BlackElo "2277"]
[Annotator "ChessBase"]
[PlyCount "188"]
[EventDate "2019.10.02"]
[EventType "swiss"]
[EventCountry "IND"]
[SourceTitle "playchess.com"]
[Source "ChessBase"]
[SourceQuality "1"]
[TimeControl "40/5400+30:1800+30"]

1. d4 {[%emt 0:00:00]} d5 {[%emt 0:00:00]} 2. Bf4 {[%emt 0:00:00]} Nf6 {[%emt 0:00:00]} 3. e3 {[%emt 0:00:00]} e6 {[%emt 0:00:00]} 4. Nd2 {[%emt 0:00:11]} Bd6 {[%emt 0:00:00]} 5. Bg3 {[%emt 0:00:11]} O-O {[%emt 0:00:02]} 6. Ngf3 {[%emt 0:00:14]} c5 {[%emt 0:00:10]} 7. c3 {[%emt 0:00:06]} Qc7 {[%emt 0:00:10]} 8. Bd3 {[%emt 0:04:12]} Nbd7 {[%emt 0:00:25]} 9. e4 {[%emt 0:02:03]} e5 {[%emt 0:14:26]} 10. O-O {[%emt 0:04:02]} exd4 {[%emt 0:03:58]} 11. cxd4 {[%emt 0:01:59]} Bxg3 {[%emt 0:00:45]} 12. hxg3 {[%emt 0:00:10]} dxe4 {[%emt 0:00:38]} 13. Nxe4 {[%emt 0:00:32]} Nxe4 {[%emt 0:00:30]} 14. Bxe4 {[%emt 0:00:05]} Nf6 {[%emt 0:00:23]} 15. Qc2 {[%emt 0:02:53]} Nxe4 {[%emt 0:06:53]} 16. Qxe4 {[%emt 0:00:05]} cxd4 {[%emt 0:02:06]} 17. Ng5 {[%emt 0:01:21]} g6 {[%emt 0:03:25]} 18. Qxd4 {[%emt 0:05:23]} Bf5 {[%emt 0:05:00]} 19. Rac1 {[%emt 0:04:13]} Qb6 {[%emt 0:05:31]} 20. Qh4 {[%emt 0:09:22]} h5 {[%emt 0:00:55]} 21. b4 {[%emt 0:02:45]} Rac8 {[%emt 0:03:50]} 22. Qf4 {[%emt 0:03:41]} Kg7 {[%emt 0:10:45]} 23. Rfe1 {[%emt 0:12:18]} Qf6 {[%emt 0:03:06]} 24. Qe3 {[%emt 0:06:06]} Rfe8 {[%emt 0:02:50]} 25. Qf4 {[%emt 0:00:23]} Red8 {[%emt 0:04:40]} 26. Rxc8 {[%emt 0:05:43]} Rxc8 {[%emt 0:01:26]} 27. Rc1 {[%emt 0:00:44]} Rxc1+ {[%emt 0:02:48]} 28. Qxc1 {[%emt 0:00:04]} Qd4 {[%emt 0:03:09]} 29. a3 {[%emt 0:00:20]} Bd7 {[%emt 0:05:42]} 30. Qc7 {[%emt 0:06:10]} Qd5 {[%emt 0:02:20]} 31. Qc3+ {[%emt 0:00:45]} Kg8 {[%emt 0:03:58]} 32. Qe3 {[%emt 0:03:00]} Bc6 {[%emt 0:00:49]} 33. Nf3 {[%emt 0:02:55]} a6 {[%emt 0:01:17]} 34. Kh2 {[%emt 0:01:31]} Qe4 {[%emt 0:05:58]} 35. Qd2 {[%emt 0:04:47]} Qd5 {[%emt 0:01:16]} 36. Qb2 {[%emt 0:01:00]} Qe4 {[%emt 0:02:30]} 37. Kg1 {[%emt 0:02:00]} Qd5 {[%emt 0:01:43]} 38. Ne1 {[%emt 0:01:39]} Qd1 {[%emt 0:02:33]} 39. Qc3 {[%emt 0:01:20]} Qe2 {[%emt 0:01:05]} 40. Nc2 {[%emt 0:06:10]} Qd1+ {[%emt 0:00:27]} 41. Kh2 {[%emt 0:30:22]} Qf1 {[%emt 0:05:47]} 42. f3 {[%emt 0:00:00]} Qf2 {[%emt 0:02:28]} 43. Nd4 {[%emt 0:00:00]} h4 {[%emt 0:06:01]} 44. gxh4 {[%emt 0:00:00]} Qxh4+ {[%emt 0:00:05]} 45. Kg1 {[%emt 0:00:00]} Bd5 {[%emt 0:00:49]} 46. Qd2 {[%emt 0:00:00]} Bc4 {[%emt 0:04:07]} 47. Qe3 {[%emt 0:00:00]} Qg3 {[%emt 0:02:29]} 48. Qc3 {[%emt 0:00:00]} Bd5 {[%emt 0:01:36]} 49. Ne2 {[%emt 0:00:00]} Qg5 {[%emt 0:01:02]} 50. Qd3 {[%emt 0:00:00]} Bc6 {[%emt 0:00:58]} 51. Nd4 {[%emt 0:00:00]} Bd5 {[%emt 0:01:32]} 52. Qc3 {[%emt 0:01:00]} Qh4 {[%emt 0:02:58]} 53. Nc2 {[%emt 0:00:51]} Qg5 {[%emt 0:01:24]} 54. Ne1 {[%emt 0:04:04]} Qg3 {[%emt 0:01:26]} 55. Nd3 {[%emt 0:01:16]} Qg5 {[%emt 0:01:29]} 56. Ne5 {[%emt 0:01:11]} Qh4 {[%emt 0:02:25]} 57. Ng4 {[%emt 0:00:55]} Be6 {[%emt 0:01:36]} 58. Nf6+ {[%emt 0:00:46]} Kf8 {[%emt 0:00:10]} 59. Qc5+ {[%emt 0:01:27]} Kg7 {[%emt 0:00:06]} 60. Ne8+ {[%emt 0:00:19]} Kg8 {[%emt 0:00:54]} 61. Qe5 {[%emt 0:00:22]} Kf8 {[%emt 0:00:45]} 62. Nf6 {[%emt 0:02:34]} Qc4 {[%emt 0:01:20]} 63. Nh7+ {[%emt 0:01:47]} Kg8 {[%emt 0:00:21]} 64. Ng5 {[%emt 0:00:26]} Qd5 {[%emt 0:00:29]} 65. Qf6 {[%emt 0:00:54]} Qf5 {[%emt 0:01:20]} 66. Qd8+ {[%emt 0:00:32]} Kg7 {[%emt 0:00:03]} 67. Qd4+ {[%emt 0:00:13]} Kf8 {[%emt 0:00:55]} 68. Ne4 {[%emt 0:00:46]} Qf4 {[%emt 0:00:38]} 69. Qd8+ {[%emt 0:01:00]} Kg7 {[%emt 0:00:03]} 70. Kf2 {[%emt 0:00:22]} Qe5 {[%emt 0:00:23]} 71. Qd2 {[%emt 0:01:06]} Bd5 {[%emt 0:00:41]} 72. Nc3 {[%emt 0:01:49]} Bc6 {[%emt 0:00:05]} 73. a4 {[%emt 0:00:37]} g5 {[%emt 0:00:55]} 74. Qe3 {[%emt 0:00:45]} Kf6 {[%emt 0:00:53]} 75. b5 {[%emt 0:00:17]} Qxe3+ {[%emt 0:00:18]} 76. Kxe3 {[%emt 0:00:03]} axb5 {[%emt 0:00:29]} 77. axb5 {[%emt 0:00:03]} Bd7 {[%emt 0:00:41]} 78. Kd4 {[%emt 0:00:32]} Kf5 {[%emt 0:00:32]} 79. g3 {[%emt 0:00:50]} f6 {[%emt 0:00:51]} 80. Kd5 {[%emt 0:00:46]} Be6+ {[%emt 0:00:17]} 81. Kd6 {[%emt 0:00:26]} Bc4 {[%emt 0:00:13]} 82. Kc5 {[%emt 0:00:46]} Bf1 {[%emt 0:00:19]} 83. Ne4 {[%emt 0:01:01]} Ke5 {[%emt 0:00:50]} 84. Nf2 {[%emt 0:00:42]} f5 {[%emt 0:00:15]} 85. b6 {[%emt 0:00:19]} Be2 {[%emt 0:00:38]} 86. Nh3 {[%emt 0:00:09]} Bxf3 {[%emt 0:00:31]} 87. Nxg5 {[%emt 0:00:03]} Bd5 {[%emt 0:00:11]} 88. Nh3 {[%emt 0:00:06]} Bc6 {[%emt 0:00:52]} 89. Nf4 {[%emt 0:00:11]} Be4 {[%emt 0:01:05]} 90. Ne2 {[%emt 0:00:55]} Bh1 {[%emt 0:00:07]} 91. Nc3 {[%emt 0:01:04]} Bg2 {[%emt 0:00:16]} 92. Nb5 {[%emt 0:00:26]} Bc6 {[%emt 0:00:28]} 93. Nd6 {[%emt 0:00:35]} Bd5 {[%emt 0:00:22]} 94. Ne8 {[%emt 0:00:29]} Bg2 {[%emt 0:00:43]} 1/2-1/2